Труды экспедиции по обследованию сельского хозяйства ССР Армении в 1926 году / (Record no. 470799)
[ view plain ]
| 000 -LEADER | |
|---|---|
| fixed length control field | 01535nam a2200265 a 4500 |
| 001 - CONTROL NUMBER | |
| control field | 000471505 |
| 003 - CONTROL NUMBER IDENTIFIER | |
| control field | AM-YeHGA |
| 005 - DATE AND TIME OF LATEST TRANSACTION | |
| control field | 20250618075518.0 |
| 008 - FIXED-LENGTH DATA ELEMENTS--GENERAL INFORMATION | |
| fixed length control field | 060119s1930 ai r 000 0 rus d |
| 040 ## - CATALOGING SOURCE | |
| Original cataloging agency | AM-YeHGA |
| 041 0# - LANGUAGE CODE | |
| Language code of text/sound track or separate title | rus |
| 090 ## - LOCALLY ASSIGNED LC-TYPE CALL NUMBER (OCLC); LOCAL CALL NUMBER (RLIN) | |
| -- | 474055 |
| 245 00 - TITLE STATEMENT | |
| Title | Труды экспедиции по обследованию сельского хозяйства ССР Армении в 1926 году / |
| Statement of responsibility, etc. | Нарком земледелия ССР Армении. |
| 260 ## - PUBLICATION, DISTRIBUTION, ETC. | |
| Place of publication, distribution, etc. | Ереван : |
| Name of publisher, distributor, etc. | Б. и., |
| Date of publication, distribution, etc. | 1930. |
| 300 ## - PHYSICAL DESCRIPTION | |
| Extent | вып. |
| 440 #0 - SERIES STATEMENT/ADDED ENTRY--TITLE | |
| Title | Животноводство |
| Volume/sequential designation | 2 |
| 505 00 - FORMATTED CONTENTS NOTE | |
| Miscellaneous information | Вып. 1 (1930, 536 с., рис., табл.) : |
| Title | Материалы по изучению животноводства ССР Армении. Животноводство / |
| Statement of responsibility | Под ред. А.З. Тамамшева |
| Miscellaneous information | Вып. 2 (1930, 224 с., ил., табл.) : |
| Title | Материалы по исследованию шерсти овец и коз ССР Армении / |
| Statement of responsibility | А.А. Рухкян |
| 650 14 - SUBJECT ADDED ENTRY--TOPICAL TERM | |
| Topical term or geographic name entry element | Сельское хозяйство |
| 650 14 - SUBJECT ADDED ENTRY--TOPICAL TERM | |
| Topical term or geographic name entry element | Животноводство |
| General subdivision | Овцеводство |
| 700 1# - ADDED ENTRY--PERSONAL NAME | |
| Personal name | Թամամշյան, Ալեքսանդր Զաքարի, |
| Dates associated with a name | 1877-1967 |
| Relator term | ред. |
| Relationship | edt |
| 9 (RLIN) | 3463 |
| 700 1# - ADDED ENTRY--PERSONAL NAME | |
| Personal name | Ռուխկյան, Աշոտ Արամի, |
| Dates associated with a name | 1903-1993 |
| 9 (RLIN) | 3655 |
| 710 2# - ADDED ENTRY--CORPORATE NAME | |
| Corporate name or jurisdiction name as entry element | Народный комиссариат земледелия ССР Армении |
| 740 02 - ADDED ENTRY--UNCONTROLLED RELATED/ANALYTICAL TITLE | |
| Uncontrolled related/analytical title | Материалы по изучению животноводства ССР Армении |
| 740 02 - ADDED ENTRY--UNCONTROLLED RELATED/ANALYTICAL TITLE | |
| Uncontrolled related/analytical title | Животноводство |
| Withdrawn status | Lost status | Source of classification or shelving scheme | Damaged status | Not for loan | Collection | Home library | Current library | Date acquired | Serial enumeration / chronology | Total checkouts | Full call number | Barcode | Date last seen | Price effective from | Koha item type | Public note |
|---|---|---|---|---|---|---|---|---|---|---|---|---|---|---|---|---|
| Universal Decimal Classification | General | Fundamental Scientific Library | Fundamental Scientific Library | 24/05/2018 | Вып. 2 | РД III/5099 | FL0493684 | 24/05/2018 | 24/05/2018 | Գրքեր / Books | 30 Days Loan |
ՀՀ Գիտությունների ազգային ակադեմիայի հիմնարար գիտական գրադարան = Fundamental Scientific Library of NAS RA
All site content, except where otherwise noted, is licensed under a